000
00268nam a2200121Ia 4500
008
190723s9999 xx 000 0 und d
100
_a
Mark Lutz
245
0
_a
Learning Python
250
_a
5th
260
_a
Karachi
_b
O'Reilly
_c
2013
300
_a
1540:p
942
_c
BK
999
_c
1959
_d
1959